000 01476nam a22003977a 4500
003 CHAP
005 20220329133326.0
008 971013s1991 r 00010 d
010 _a4930
011 _a5902
035 _a5118
040 _cCHAP
090 _aFolleto 12877
100 0 0 _aVelasco Martínez, Fredi.
_9118413
245 _aISTMEÑO, nueva variedad de sorgo de polinización libre para el Istmo de Tehuantepec
260 _aJuchitán, Oax. :
_bINIFAP. Campo Experimental Istmo de Tehuantepec,
_c1991
300 _a15 p.
_b: ilus
490 _aINIFAP. Campo Experimental Valles Centrales. Folleto técnico
_v; 1
500 _a55-61
590 _aBATCH-UPD
_b10
_c20130110
_lUCH01
_h0106
590 _aBATCH-UPD
_b10
_c20130110
_lUCH01
_h1813
590 _aBATCH-UPD
_b10
_c20130410
_lUCH01
_h1148
590 _aBATCH-UPD
_b10
_c20130914
_lUCH01
_h1644
590 _aCONVERSION
_b10
_c20130109
_lUCH01
_h1304
650 1 4 _aPolinización.
_990237
650 1 4 _aSorgo
_xHíbridos.
_9108681
650 1 4 _aSorgo
_xVariedades.
_9108734
700 0 _aMendoza Onofre, Leopoldo Ernesto.
_974706
700 0 _aTrujillo Aguirre, J. Jorge G.
_9115389
830 0 _aINIFAP. Campo Experimental Valles Centrales. Folleto técnico
_v; 1
_958691
901 _aBK
942 _cFOLL
949 _aFolleto 12877
_bBC
_cFOLL
_d-144417
_eTS2
_fc.3
_i5118
_si
949 _aFolleto 12877
_bBC
_cFOLL
_d-14685
_eTS1
_i5118
_mD
_si
949 _aFolleto 12877
_bBC
_cFOLL
_d-77510
_eTS2
_fc.2
_i5118
_mD
_si
999 _c4930
_d4930